000 00741nam a2200241 i 4500
003 DO-SdBNP
005 20260219092845.0
007 ta
008 260219b2001 dr ||||| |||| 00| 0 spa d
040 _aDO-SdBNP
_bspa
_cBNPHU
_erda
041 _aspa
082 4 _axxx
_bxxx
_222
245 1 0 _aBatalla de la barranquita :
_bbreve reseña histórica
264 1 _aSanto Domingo :
_bComisión Permanente de Efemerides Patrias,
_c2001.
300 _a3 páginas ;
_c22 cm.
336 _atexto
_btxt
_2rdacontent
337 _asin mediación
_bn
_2rdamedia
338 _avolumen
_bnc
_2rdacarrier
500 _aOor a los heroes y mártires del 3 de julio heroico !!.
590 _aInventariado, 2026/BT
910 _aBtavárez
942 _2ddc
_cLF2
999 _c60370
_d60370